Practical economics : an introduction /

This book provides a sound background in economics for the general reader. It presents both microeconomics (studying the behaviour of individual consumers, firms and industries) and macroeconomics (studying outcomes for the whole economy).

Zapisane w:
Opis bibliograficzny
1. autor: Shade, E. D. 1943-
Kolejni autorzy: Mullins, Paul., Miller, Bob.
Format: Książka
Język:English
Wydane: New York ; Sydney : Prentice Hall, 1999.
Wydanie:2nd ed.
Hasła przedmiotowe:
Etykiety: Dodaj etykietę
Nie ma etykietki, Dołącz pierwszą etykiete!
Thư viện lưu trữ: Mạng thư viện Đại học Đà Nẵng
LEADER 01314cam a2200397 i 4500
001 000047575
003 7264
005 20030312131935.0
008 010315|1999 vm 000 eng
020 |a 1740091930 
040 |a IRC  |c IRC  |d IRC 
041 0 |a eng 
082 1 4 |a 330  |b SH-E 
100 1 |a Shade, E. D.  |q (Elizabeth D.),  |d 1943- 
245 0 0 |a Practical economics :  |b an introduction /  |c Beth Shade, Paul Mullins, Bob Miller. 
250 |a 2nd ed. 
260 |a New York ; Sydney :  |b Prentice Hall,  |c 1999. 
300 |a ix, 306 p. :  |b ill. ;  |c 23.5cm. 
520 3 |a This book provides a sound background in economics for the general reader. It presents both microeconomics (studying the behaviour of individual consumers, firms and industries) and macroeconomics (studying outcomes for the whole economy). 
630 0 4 |a Economics. 
650 0 4 |a Economics. 
650 0 4 |a Economics  |x Problems, exercises, etc. 
650 0 4 |a Australia  |b Economic conditions. 
651 4 |a Australia  |x Economic conditions. 
700 1 |a Mullins, Paul. 
700 1 |a Miller, Bob. 
OWN |a DUT 
999 |a From the UDN01 
TYP |a Monograph 
TYP |a Printed language 
980 |a Mạng thư viện Đại học Đà Nẵng